[Event "Heusenstamm Sparkassen op U14 7th"]
[Site "Heusenstamm"]
[Date "2021.11.20"]
[Round "2.4"]
[White "Meng, Yuxuan"]
[Black "Bichert, Iwan"]
[Result "1-0"]
[WhiteElo "1419"]
[BlackElo "1102"]
[PlyCount "133"]
[EventDate "2021.11.19"]
[EventType "swiss"]
[EventRounds "7"]
[EventCountry "GER"]
[SourceTitle "EXT 2023"]
[Source "ChessBase"]
[SourceDate "2022.10.05"]
[SourceVersion "1"]
[SourceVersionDate "2022.10.05"]
[SourceQuality "1"]

1. e4 d5 2. exd5 Nf6 3. d4 Nxd5 4. Nf3 Bg4 5. c4 Nf6 6. Be2 e6 7. Nc3 c6 8. 0-0 Bd6 9. Be3 Bc7 10. Qb3 Qd7 11. Ne5 Bxe5 12. dxe5 Bxe2 13. Nxe2 Ng4 14. Bd4 Na6 15. h3 Nh6 16. Rad1 Qc7 17. Ng3 c5 18. Bc3 0-0 19. Qb5 Rad8 20. Ba5 b6 21. Qxa6 bxa5 22. Rd6 Rxd6 23. Qxd6 Qxd6 24. exd6 Rd8 25. Ne4 f5 26. Nxc5 Rxd6 27. Re1 Kf7 28. Nb7 Rb6 29. Nxa5 Rxb2 30. Nc6 Rxa2 31. Nd8+ Ke7 32. Nxe6 Kd6 33. Nxg7 Rc2 34. Ra1 Rxc4 35. Rxa7 Rc8 36. Nh5 Rh8 37. Nf6 f4 38. Rxh7 Rxh7 39. Nxh7 Nf7 40. Nf6 Ke6 41. Nh5 Kf5 42. g3 fxg3 43. fxg3 Kg5 44. Nf4 Nh6 45. Kg2 Nf5 46. Kf3 Nd4+ 47. Ke4 Nf5 48. Ne6+ Kf6 49. g4 Nd6+ 50. Kd5 Nf7 51. h4 Kg6 52. Nf4+ Kf6 53. Nh5+ Kg6 54. Ke6 Nh6 55. Nf4+ Kg7 56. g5 Ng8 57. h5 Kh7 58. Kf7 Nh6+ 59. gxh6 Kxh6 60. Kf6 Kh7 61. Kg5 Kg7 62. h6+ Kh7 63. Ne6 Kg8 64. Kg6 Kh8 65. Ng5 Kg8 66. Nf7 Kf8 67. h7 1-0

[Event "GER-ch U12"]
[Site "Willingen"]
[Date "2021.08.27"]
[Round "7"]
[White "Meng, Yuxuan"]
[Black "Schaudienst, Arvid"]
[Result "0-1"]
[WhiteElo "1495"]
[BlackElo "1368"]
[PlyCount "106"]
[EventDate "2021.08.22"]
[EventType "swiss"]
[EventRounds "9"]
[EventCountry "GER"]
[SourceTitle "EXT 2022"]
[Source "ChessBase"]
[SourceDate "2021.10.06"]
[SourceVersion "1"]
[SourceVersionDate "2021.10.06"]
[SourceQuality "1"]

1. e4 e5 2. Nf3 Nc6 3. Bb5 a6 4. Ba4 Nf6 5. Qe2 Bd6 6. Nc3 0-0 7. 0-0 Re8 8. d3 h6 9. Bb3 Na5 10. Bd5 Bc5 11. Be3 Bxe3 12. Qxe3 c6 13. Bb3 Nxb3 14. axb3 d5 15. exd5 cxd5 16. Qc5 Bf5 17. Rfe1 Rc8 18. Qa5 Qd6 19. Rad1 d4 20. Nb1 Bg4 21. Nbd2 Rxc2 22. Nc4 Qd5 23. Qxd5 Nxd5 24. Rxe5 Rxe5 25. Ncxe5 Bxf3 26. Nxf3 Rxb2 27. Nxd4 Nf4 28. g3 Nh3+ 29. Kg2 Nxf2 30. Re1 Nxd3+ 31. Re2 Rxe2+ 32. Nxe2 Kf8 33. Kf3 Ke7 34. Ke3 Nc5 35. b4 Ne6 36. Ke4 Kd6 37. Nc3 b6 38. Kd3 a5 39. Kc4 axb4 40. Kxb4 Nc7 41. Ne4+ Kc6 42. Nd2 Nd5+ 43. Kc4 Ne3+ 44. Kb4 Ng4 45. Nf3 g5 46. h3 Nf6 47. Ne5+ Kd5 48. Nxf7 Ng8 49. h4 g4 50. Kb5 Ke4 51. Kxb6 Kf3 52. Kc5 Kxg3 53. h5 Kf4 0-1

[Event "GER-ch U12"]
[Site "Willingen"]
[Date "2021.08.26"]
[Round "6"]
[White "Bock, Leonas"]
[Black "Meng, Yuxuan"]
[Result "1/2-1/2"]
[WhiteElo "1278"]
[BlackElo "1495"]
[PlyCount "88"]
[EventDate "2021.08.22"]
[EventType "swiss"]
[EventRounds "9"]
[EventCountry "GER"]
[SourceTitle "EXT 2022"]
[Source "ChessBase"]
[SourceDate "2021.10.06"]
[SourceVersion "1"]
[SourceVersionDate "2021.10.06"]
[SourceQuality "1"]

1. d4 d5 2. Nf3 Nf6 3. Bf4 c5 4. c3 e6 5. e3 Nc6 6. Nbd2 Be7 7. Be2 0-0 8. 0-0 Nh5 9. Bg3 Nxg3 10. fxg3 Qb6 11. Rb1 e5 12. Nxe5 Nxe5 13. dxe5 c4 14. Kh1 Qxe3 15. Re1 Qc5 16. Nf3 Bf5 17. Rc1 Rfe8 18. Nd4 Be4 19. Bf3 Bg5 20. Ra1 Rxe5 21. Bxe4 Rxe4 22. Rxe4 dxe4 23. Qg4 Re8 24. Rf1 g6 25. h4 Bh6 26. Nf5 Bg7 27. Nxg7 Kxg7 28. Qf4 Re7 29. g4 Qe5 30. Qxe5+ Rxe5 31. g5 e3 32. g3 h6 33. gxh6+ Kxh6 34. Kg2 Kh5 35. Re1 Kg4 36. Re2 f5 37. b3 b5 38. b4 f4 39. gxf4 Kxf4 40. Re1 Kg4 41. Re2 Kxh4 42. Kf3 Kh3 43. Re1 Kh2 44. Re2+ Kh3 1/2-1/2

[Event "GER Pfingstopen U12"]
[Site "Playchess.com INT"]
[Date "2020.06.02"]
[Round "6"]
[White "Freier, Lennart Luis"]
[Black "Meng, Yuxuan"]
[Result "0-1"]
[WhiteElo "1310"]
[BlackElo "1508"]
[PlyCount "98"]
[EventDate "2020.06.02"]
[EventType "swiss (blitz)"]
[EventRounds "11"]
[EventCountry "GER"]
[SourceTitle "CBM 197 Extra"]
[Source "ChessBase"]
[SourceDate "2020.09.30"]
[SourceVersion "1"]
[SourceVersionDate "2020.09.30"]
[SourceQuality "1"]

1. e4 c5 2. Nf3 e6 3. Bc4 d5 4. Bb5+ Nc6 5. e5 Nge7 6. Nc3 a6 7. Bxc6+ Nxc6 8. d3 b5 9. 0-0 Bb7 10. Be3 d4 11. Bf4 dxc3 12. bxc3 g6 13. Qe2 Bg7 14. Qe4 Qc7 15. d4 Nxd4 16. cxd4 Bxe4 17. dxc5 Qxc5 18. Ng5 Bf5 19. Rae1 Rc8 20. Rc1 0-0 21. Be3 Qxe5 22. Nf3 Qd6 23. Rcd1 Qe7 24. Bg5 Qb7 25. Rd2 Rxc2 26. Rxc2 Bxc2 27. Rc1 Be4 28. h3 Bxf3 29. gxf3 Qxf3 30. Be7 Re8 31. Bh4 Qxh3 32. Bg3 Bf6 33. Rc7 Bh4 34. Bxh4 Qxh4 35. Ra7 Qg5+ 36. Kh1 Qd5+ 37. Kg1 Qxa2 38. Rc7 b4 39. Kf1 b3 40. Rb7 b2 41. Kg2 b1Q 42. Rxb1 Qxb1 43. Kg3 Rd8 44. Kf3 Qd3+ 45. Kg2 Qe4+ 46. Kg3 Rd3+ 47. Kh2 Qh4+ 48. Kg2 Qh3+ 49. Kg1 Rd1# 0-1

[Event "GER Pfingstopen U12"]
[Site "Playchess.com INT"]
[Date "2020.06.02"]
[Round "3"]
[White "Meng, Yuxuan"]
[Black "Buchinger, Alexis"]
[Result "0-1"]
[WhiteElo "1508"]
[BlackElo "1571"]
[PlyCount "40"]
[EventDate "2020.06.02"]
[EventType "swiss (blitz)"]
[EventRounds "11"]
[EventCountry "GER"]
[SourceTitle "CBM 197 Extra"]
[Source "ChessBase"]
[SourceDate "2020.09.30"]
[SourceVersion "1"]
[SourceVersionDate "2020.09.30"]
[SourceQuality "1"]

1. e4 e5 2. Nf3 Nc6 3. Bb5 a5 4. d3 d6 5. Nc3 Nge7 6. 0-0 g6 7. Be3 Bg7 8. Qd2 0-0 9. Bh6 f5 10. Bxg7 Kxg7 11. Rfe1 Bd7 12. Bc4 f4 13. Nd5 Bg4 14. Qe2 Nd4 15. Qd1 Nxd5 16. Bxd5 Nxf3+ 17. gxf3 Bh3 18. Kh1 c6 19. Bb3 a4 20. Bc4 b5 0-1

[Event "GER Pfingstopen U12"]
[Site "Playchess.com INT"]
[Date "2020.06.02"]
[Round "5"]
[White "Meng, Yuxuan"]
[Black "Langer, Peter1111"]
[Result "0-1"]
[WhiteElo "1508"]
[BlackElo "1620"]
[PlyCount "50"]
[EventDate "2020.06.02"]
[EventType "swiss (blitz)"]
[EventRounds "11"]
[EventCountry "GER"]
[SourceTitle "CBM 197 Extra"]
[Source "ChessBase"]
[SourceDate "2020.09.30"]
[SourceVersion "1"]
[SourceVersionDate "2020.09.30"]
[SourceQuality "1"]

1. e4 c5 2. Nf3 Nc6 3. d4 cxd4 4. Nxd4 g6 5. Nc3 Bg7 6. Be3 d6 7. f3 Be6 8. Qd2 Nf6 9. 0-0-0 0-0 10. Bh6 Bxh6 11. Qxh6 Qb6 12. Nxe6 fxe6 13. Bc4 d5 14. exd5 exd5 15. Bxd5+ Nxd5 16. Nxd5 Qa5 17. Nc3 Nb4 18. a3 Nc6 19. Rd5 Qb6 20. Re1 Rad8 21. Rb5 Qc7 22. Nd5 Qd6 23. Qg5 Rf5 24. Nxe7+ Nxe7 25. Qxe7 Rxb5 0-1

[Event "GER Pfingstopen U12"]
[Site "Playchess.com INT"]
[Date "2020.06.02"]
[Round "8"]
[White "Meng, Yuxuan"]
[Black "Staller, Leonard"]
[Result "1-0"]
[WhiteElo "1508"]
[BlackElo "1620"]
[PlyCount "75"]
[EventDate "2020.06.02"]
[EventType "swiss (blitz)"]
[EventRounds "11"]
[EventCountry "GER"]
[SourceTitle "CBM 197 Extra"]
[Source "ChessBase"]
[SourceDate "2020.09.30"]
[SourceVersion "1"]
[SourceVersionDate "2020.09.30"]
[SourceQuality "1"]

1. e4 e5 2. Nf3 Nc6 3. Bb5 a6 4. Ba4 Bc5 5. Qe2 Nd4 6. Nxd4 Bxd4 7. c3 Bc5 8. Bb3 Nf6 9. Bxf7+ Kf8 10. Bd5 c6 11. Bb3 b6 12. 0-0 Bb7 13. Qc4 Qe8 14. d4 b5 15. Qxc5+ d6 16. Qxd6+ Qe7 17. Qxe7+ Kxe7 18. Re1 Bc8 19. Bg5 Bg4 20. f3 Bh5 21. dxe5 Rhd8 22. exf6+ gxf6 23. Be3 Rac8 24. Bc5+ Kd7 25. Rd1+ Kc7 26. Rxd8 Rxd8 27. Na3 Rd7 28. Be6 Rd2 29. Rb1 Rxb2 30. Rxb2 a5 31. Rd2 a4 32. Rd7+ Kc8 33. Rxh7+ Kd8 34. Rxh5 f5 35. Rh8+ Kc7 36. Rh7+ Kd8 37. Bd6 Ke8 38. Rh8# 1-0

[Event "GER-ch U18 sf Berlin Online"]
[Site "Playchess.com INT"]
[Date "2020.05.01"]
[Round "6"]
[White "Bui, Bao Anh Le"]
[Black "Meng, Yuxuan"]
[Result "1-0"]
[WhiteElo "1717"]
[BlackElo "1620"]
[PlyCount "77"]
[EventDate "2020.05.01"]
[EventType "swiss (blitz)"]
[EventRounds "13"]
[EventCountry "GER"]
[SourceTitle "CBM 195 Extra"]
[Source "ChessBase"]
[SourceDate "2020.05.31"]
[SourceVersion "1"]
[SourceVersionDate "2020.05.31"]
[SourceQuality "1"]

1. e4 c5 2. Nf3 e6 3. c4 Nc6 4. Nc3 e5 5. d3 d6 6. Be2 Nf6 7. 0-0 Be7 8. a3 0-0 9. Rb1 Be6 10. b4 b6 11. Nd5 Nxd5 12. cxd5 Nd4 13. Nxd4 cxd4 14. dxe6 fxe6 15. Qb3 d5 16. exd5 exd5 17. Bf3 Rc8 18. Qxd5+ Qxd5 19. Bxd5+ Kh8 20. f4 exf4 21. Bxf4 Rcd8 22. Be4 Rde8 23. Bg3 Bf6 24. Rbc1 h6 25. Rc7 Re7 26. Rxe7 Bxe7 27. Rxf8+ Bxf8 28. Be5 Kg8 29. Bxd4 Be7 30. Kf2 Bf6 31. Bxf6 gxf6 32. Ke3 Kf7 33. Kd4 Ke6 34. g4 Kd6 35. Bf5 a5 36. b5 Ke7 37. Kd5 Kd8 38. Kc6 Ke7 39. d4 1-0

[Event "GER-ch U18 sf Berlin Online"]
[Site "Playchess.com INT"]
[Date "2020.05.01"]
[Round "13"]
[White "Meng, Yuxuan"]
[Black "Hoffmann, Tom"]
[Result "1-0"]
[WhiteElo "1620"]
[BlackElo "1528"]
[PlyCount "57"]
[EventDate "2020.05.01"]
[EventType "swiss (blitz)"]
[EventRounds "13"]
[EventCountry "GER"]
[SourceTitle "CBM 195 Extra"]
[Source "ChessBase"]
[SourceDate "2020.05.31"]
[SourceVersion "1"]
[SourceVersionDate "2020.05.31"]
[SourceQuality "1"]

1. e4 e5 2. Nf3 Nc6 3. Bb5 a6 4. Ba4 Nf6 5. Qe2 b5 6. Bb3 d6 7. a4 bxa4 8. Rxa4 Bg4 9. Qc4 Bxf3 10. Qxc6+ Nd7 11. gxf3 Be7 12. Nc3 0-0 13. Nd5 Nc5 14. Ra1 Rc8 15. Bc4 Ra8 16. Qxc7 Qxc7 17. Nxc7 Ra7 18. Nd5 Bd8 19. b4 Ne6 20. Rxa6 Rxa6 21. Bxa6 Nd4 22. d3 Nxf3+ 23. Kf1 Nd4 24. c3 Nb3 25. Ba3 Nd2+ 26. Ke2 Nb3 27. Bc4 Nd4+ 28. cxd4 exd4 29. b5 1-0

[Event "GER-ch U18 sf Berlin Online"]
[Site "Playchess.com INT"]
[Date "2020.05.01"]
[Round "12"]
[White "Meng, Yuxuan"]
[Black "Thuemler, Floris"]
[Result "0-1"]
[WhiteElo "1620"]
[BlackElo "1214"]
[PlyCount "76"]
[EventDate "2020.05.01"]
[EventType "swiss (blitz)"]
[EventRounds "13"]
[EventCountry "GER"]
[SourceTitle "CBM 195 Extra"]
[Source "ChessBase"]
[SourceDate "2020.05.31"]
[SourceVersion "1"]
[SourceVersionDate "2020.05.31"]
[SourceQuality "1"]

1. e4 e5 2. Nf3 Nc6 3. Bb5 a6 4. Ba4 Nf6 5. Qe2 b5 6. Bb3 d6 7. a4 Na5 8. axb5 Nxb3 9. cxb3 a5 10. b4 a4 11. Nc3 Bb7 12. 0-0 Be7 13. Re1 0-0 14. d3 Qd7 15. b3 axb3 16. Qb2 Rxa1 17. Qxa1 Ra8 18. Qb2 Qe6 19. Ng5 Qd7 20. Qxb3 h6 21. Qxf7+ Kh8 22. Ne6 Bd8 23. Qxd7 Nxd7 24. Bb2 Bf6 25. h3 Rc8 26. Re3 Kg8 27. Rg3 Kf7 28. Rf3 Kxe6 29. Ne2 Ra8 30. d4 Ra2 31. d5+ Ke7 32. Rb3 Nb6 33. Ng3 Nc4 34. Nf5+ Kf7 35. Bc3 Rc2 36. Be1 Rc1 37. Kf1 Nd2+ 38. Ke2 Nxb3 0-1

[Event "GER-ch U18 sf Berlin Online"]
[Site "Playchess.com INT"]
[Date "2020.05.01"]
[Round "4"]
[White "Meng, Yuxuan"]
[Black "Turba, Raffael"]
[Result "1-0"]
[WhiteElo "1620"]
[BlackElo "1592"]
[PlyCount "57"]
[EventDate "2020.05.01"]
[EventType "swiss (blitz)"]
[EventRounds "13"]
[EventCountry "GER"]
[SourceTitle "CBM 195 Extra"]
[Source "ChessBase"]
[SourceDate "2020.05.31"]
[SourceVersion "1"]
[SourceVersionDate "2020.05.31"]
[SourceQuality "1"]

1. e4 e5 2. Nf3 Nc6 3. Bb5 Nf6 4. Qe2 d6 5. d4 Bg4 6. d5 a6 7. dxc6 bxc6 8. Bxc6+ Nd7 9. Bxa8 Qxa8 10. Nc3 Nf6 11. Bg5 Be7 12. 0-0 Bxf3 13. Qxf3 h6 14. Bxf6 Bxf6 15. Nd5 Qc8 16. Nxf6+ gxf6 17. Qxf6 Rg8 18. Qxh6 Qg4 19. g3 d5 20. exd5 f5 21. Qe6+ Kd8 22. Qxe5 f4 23. Qf6+ Kd7 24. Qe6+ Qxe6 25. dxe6+ Kxe6 26. Rfe1+ Kf5 27. Rad1 fxg3 28. fxg3 Kg4 29. Re4+ 1-0

[Event "GER-chT U14"]
[Site "Magdeburg"]
[Date "2019.12.27"]
[Round "2.7"]
[White "Meng, Yuxuan"]
[Black "Rennkamp, Johannes"]
[Result "0-1"]
[WhiteElo "1467"]
[BlackElo "1493"]
[PlyCount "86"]
[EventDate "2019.12.27"]
[EventType "team-swiss"]
[EventRounds "7"]
[EventCountry "GER"]
[SourceTitle "CBM 194 Extra"]
[Source "ChessBase"]
[SourceDate "2020.03.31"]
[SourceVersion "1"]
[SourceVersionDate "2020.03.31"]
[SourceQuality "1"]
[WhiteTeam "Walldorf"]
[BlackTeam "Lueneburg Turm"]
[WhiteTeamCountry "GER"]
[BlackTeamCountry "GER"]

1. e4 c5 2. Nf3 Nc6 3. d4 cxd4 4. Nxd4 g6 5. Nc3 Bg7 6. Be3 d6 7. f3 Nf6 8. Qd2 0-0 9. 0-0-0 Bd7 10. Kb1 a6 11. Bh6 Nxd4 12. Bxg7 Kxg7 13. Qxd4 Bc6 14. g4 Kg8 15. h4 Qa5 16. h5 Qg5 17. hxg6 fxg6 18. Be2 Rad8 19. e5 Qxe5 20. Qc4+ d5 21. Qb4 d4 22. Rde1 Qd6 23. Qxd6 exd6 24. Nd1 Rfe8 25. Rh2 Bxf3 26. Rf2 Bxe2 27. Rfxe2 Rxe2 28. Rxe2 Re8 29. Rxe8+ Nxe8 30. Nf2 d5 31. Kc1 Nf6 32. Kd1 Kf7 33. Ke2 Ke6 34. Kd3 Ke5 35. a3 Ne4 36. Nh3 h6 37. Ke2 b5 38. Kf3 Nd2+ 39. Ke2 Nc4 40. b3 Nxa3 41. Kd3 a5 42. Kd2 Nb1+ 43. Kd3 a4 0-1

[Event "Heusenstamm Sparkassen op-B 6th"]
[Site "Heusenstamm"]
[Date "2019.11.21"]
[Round "1"]
[White "Meng, Yuxuan"]
[Black "Draxler, Gottfried"]
[Result "1/2-1/2"]
[WhiteElo "1378"]
[BlackElo "1762"]
[PlyCount "89"]
[EventDate "2019.11.21"]
[EventType "swiss"]
[EventRounds "7"]
[EventCountry "GER"]
[SourceTitle "CBM 194 Extra"]
[Source "ChessBase"]
[SourceDate "2020.03.31"]
[SourceVersion "1"]
[SourceVersionDate "2020.03.31"]
[SourceQuality "1"]

1. e4 c5 2. Nf3 Nc6 3. d4 cxd4 4. Nxd4 Nxd4 5. Qxd4 d6 6. Nc3 e6 7. Be3 Nf6 8. 0-0-0 Bd7 9. Kb1 a6 10. Be2 Be7 11. f4 Bc6 12. Bf3 Qc7 13. Rhe1 0-0 14. e5 dxe5 15. Qxe5 Qxe5 16. fxe5 Ne8 17. Bxc6 bxc6 18. a3 f6 19. Rd7 Rf7 20. exf6 Bxf6 21. Rxf7 Kxf7 22. Ne4 Rd8 23. Nxf6 gxf6 24. Kc1 Rd5 25. Rd1 Nd6 26. Rxd5 cxd5 27. b3 e5 28. Kd2 Ke6 29. Ke2 d4 30. Bd2 Ne4 31. Kd3 Kd5 32. b4 f5 33. c4+ dxc3 34. Bxc3 Nd6 35. a4 f4 36. Bd2 h5 37. Bc3 e4+ 38. Ke2 Nc4 39. Kf2 Nb6 40. a5 Nd7 41. Ke2 Kc4 42. Bd2 e3 43. Be1 Ne5 44. g3 fxg3 45. Bxg3 1/2-1/2

[Event "GER-ch U10"]
[Site "Willingen"]
[Date "2019.06.13"]
[Round "8"]
[White "Haubold, Sebastian Marcel"]
[Black "Meng, Yuxuan"]
[Result "1-0"]
[WhiteElo "1506"]
[BlackElo "1288"]
[PlyCount "41"]
[EventDate "2019.06.08"]
[EventType "swiss"]
[EventRounds "11"]
[EventCountry "GER"]
[SourceTitle "CBM 191 Extra"]
[Source "ChessBase"]
[SourceDate "2019.09.30"]
[SourceVersion "1"]
[SourceVersionDate "2019.09.30"]
[SourceQuality "1"]

1. e4 e5 2. Nf3 Nc6 3. Bb5 f5 4. Bxc6 dxc6 5. 0-0 Bd6 6. Nc3 Nf6 7. d4 fxe4 8. Nxe5 Bf5 9. Bf4 Qe7 10. Qe2 0-0-0 11. a4 Rhg8 12. a5 c5 13. a6 c6 14. axb7+ Qxb7 15. Qc4 g5 16. Bg3 Rge8 17. Nf7 Be6 18. Nxd8 Bxc4 19. Nxb7 Bxg3 20. fxg3 Kxb7 21. Rxf6 1-0